| 000 | 01045cac a22003135a 4500 | ||
|---|---|---|---|
| 999 |
_c5574 _d5574 |
||
| 003 | EG-ScBUE | ||
| 005 | 20191201141708.0 | ||
| 008 | 180829t1978 enk f b 001 0 eng d | ||
| 020 | _a0123362504 | ||
| 040 |
_aEG-ScBUE _beng _erda _cEG-ScBUE _dEG-ScBUE _dEG-ScBUE |
||
| 082 | 0 | 4 |
_a401.9 _bWOL _222 |
| 100 | 1 |
_aWold, Astri Heen, _eauthor. |
|
| 245 | 1 | 0 |
_aDecoding oral language / _cAstri Heen Wold, Institute of Psychology, University of Oslo, Norway. |
| 264 |
_aLondon ; _aNew York : _bAcademic Press Inc, _c[1978] |
||
| 264 | 4 | _cc 1978 | |
| 300 |
_axi, 214 pages ; _c24 cm. |
||
| 336 |
_2rdacontent _atext _btxt |
||
| 337 |
_2rdamedia _aunmediated _bn |
||
| 338 |
_2rdacarrier _avolume _bnc |
||
| 490 | 1 |
_aEuropean monographs in social psychology ; _v12 |
|
| 504 | _aIncludes bibliographical references and index. | ||
| 590 | _aamira yasser | ||
| 650 | 7 |
_aPsycholinguistics. _2BUEsh _98626 |
|
| 650 | 7 |
_aTime. _2BUEsh |
|
| 650 | 7 |
_aMemory. _2BUEsh |
|
| 653 |
_bHHUUEENN _cAugust2018 |
||
| 655 | _vReading book | ||
| 942 |
_2ddc _cBB |
||